000
00232nam a22001097a 4500
082
_a
355.02 JOL'T
100
_a
JOLY, CYRIL
_9
37968
245
_a
TAKE THESE MAN
260
_a
LONDON
_b
CONSTABLE
_c
1955
300
_a
356P
942
_c
BK
999
_c
582922
_d
582922